Star Wars Planets in Darth Maul — Son of Dathomir - Statistics

General Stats
  • This quiz has been taken 20 times
    19 since last reset
  • The average score is 2 of 5
Answer Stats
Hint Answer % Correct
Where Mother Talzin is killed by Grievous Dathomir
100%
Where Shadow Collective accompanied by nightbrothers fight with Separatists Ord Mantell
33%
Where the Spire is located Stygeon Prime
22%
Where Maul regroups with Deathwatch Zanbar
22%
Where Vizsla Keep 09 is located Phelbos
11%
No matching quizzes found
Score Distribution
Percent of People with Each Score
Percentile by Number Answered
Your Score History
You have not taken this quiz since the last reset